|
|
|
|
| LEADER |
01134ncm a2200337 a 4500 |
| 001 |
000864673 |
| 003 |
CZ BrMZK |
| 005 |
20070921125513.0 |
| 007 |
qu |
| 008 |
070906s2006 xr zzaeg d |
| 024 |
2 |
|
|q (Brož.)
|
| 028 |
2 |
0 |
|a TE 0015
|b Talacko Editions
|
| 040 |
|
|
|a BOA001
|b cze
|
| 048 |
|
|
|a tb03
|
| 072 |
|
7 |
|a 787
|x Hudba pro strunné a smyčcové nástroje
|2 Konspekt
|9 9
|
| 080 |
|
|
|a 787.61:785.73
|2 MRF
|
| 080 |
|
|
|a 78.089.6.087
|2 MRF
|
| 100 |
1 |
|
|a Zelenka, Milan,
|d 1939-
|7 jn19990010037
|4 cmp
|
| 245 |
1 |
4 |
|a The spirit of guitar
|h [hudebnina] :
|b guitar trio /
|c Milan Zelenka
|
| 250 |
|
|
|a 1st pub.
|
| 260 |
|
|
|a Praha :
|b Talacko Editions,
|c 2006
|
| 300 |
|
|
|a 1 partitura (11 s.) + 3 hlasy ;
|c 30 cm
|
| 490 |
1 |
|
|a Kytarová edice Milana Zelenky
|
| 650 |
0 |
7 |
|a tria
|7 ph254875
|z Česko
|y 20.-21.stol.
|2 czenas
|
| 650 |
0 |
4 |
|a tria (kytara (3))
|
| 655 |
|
7 |
|a partitury a hlasy
|7 fd186702
|2 czenas
|
| 830 |
|
0 |
|a Kytarová edice Milana Zelenky
|
| 910 |
|
|
|a BOA001
|b Mus4-1191.384
|
| 990 |
|
|
|a MU
|
| 991 |
|
|
|b 200709
|c NOV
|
| 996 |
6 |
|
|b 2610317998
|c Mus4-1191.384
|l MZK
|r Sklad / do 1 hodiny
|n 0
|w 000864673
|u 000010
|a 1
|e BOA001
|j MZK50
|s P
|